| 000 | 00788nam a2200265 i 4500 | ||
|---|---|---|---|
| 001 | 92658 | ||
| 003 | ES-MaACL | ||
| 005 | 20260525062929.0 | ||
| 007 | t| | ||
| 008 | 050413s2002 sp ||||1| spa d | ||
| 020 | _a84-670-0143-7 | ||
| 080 | _a001:1 | ||
| 080 | _a510.2 | ||
| 100 | 1 |
_aPoincaré, Henri. _992751 |
|
| 245 | 1 | 0 |
_aCiencia e hipótesis / _cHenri Poincaré ; introducción, Javier de Lorenzo. |
| 260 |
_aMadrid : _bEspasa Calpe, _c[2002] |
||
| 300 |
_a271 p. ; _c18 cm. |
||
| 490 | 1 |
_aColección austral ; _v530 |
|
| 650 | 4 |
_aCiencia- _xFilosofía. _910950 |
|
| 650 | 4 |
_aMatemáticas- _xFilosofía _914825 |
|
| 700 | 1 |
_aLorenzo, Javier de, _d1939- _974152 |
|
| 830 | 1 |
_aColección austral _v530 _9177655 |
|
| 852 | 4 |
_aES-MaACL _jE-10961 |
|
| 999 |
_c92658 _d92658 |
||